[Event "LTU-chT"]
[Site "Vilnius"]
[Date "2000.??.??"]
[Round "4"]
[White "Sulskis, Sarunas"]
[Black "Kharlov, Andrei"]
[Result "1-0"]
[WhiteElo "2499"]
[BlackElo "2616"]
[PlyCount "101"]
[EventDate "2000.??.??"]
[EventType "team"]
[EventRounds "7"]
[EventCountry "LTU"]
[SourceTitle "EXT 2005"]
[Source "ChessBase"]
[SourceDate "2004.11.15"]
[SourceVersion "1"]
[SourceVersionDate "2004.11.15"]
[SourceQuality "1"]

1. e4 c5 2. Nf3 e6 3. d4 cxd4 4. Nxd4 Nf6 5. Nc3 Nc6 6. Nxc6 bxc6 7. e5 Nd5 8.
Ne4 Qa5+ 9. c3 Ba6 10. Be2 Be7 11. O-O O-O 12. Bxa6 Qxa6 13. b3 f5 14. exf6
Bxf6 15. Nxf6+ Nxf6 16. c4 e5 17. Bb2 Rae8 18. Re1 Qa5 19. Qd6 e4 20. Bxf6 Rxf6
21. Qxd7 Rd8 22. Qe7 Rd2 23. Rxe4 Rdxf2 24. Rd1 h6 25. Rg4 Rf7 26. Qe8+ Kh7 27.
Qxc6 Qf5 28. Qe4 Qxe4 29. Rxe4 Rxa2 30. h4 Rb7 31. Rd3 Rb2 32. Ree3 Rc7 33. Rc3
Kg6 34. c5 Rd2 35. Rc4 Rd5 36. b4 Kf6 37. Kf2 h5 38. Rf4+ Kg6 39. Ra3 Rd2+ 40.
Kg3 Rb2 41. Rc4 Kf5 42. c6 g6 43. Rc5+ Kf6 44. b5 Rb4 45. Rf3+ Kg7 46. Rd5 Rg4+
47. Kh3 Re4 48. Rfd3 Rce7 49. Rd7 Kf7 50. R3d6 Rc4 51. Rxe7+ 1-0

[Event "Cappelle op 16th"]
[Site "Cappelle la Grande"]
[Date "2000.02.19"]
[Round "1"]
[White "Kharlov, Andrei"]
[Black "Lanka, Zigurds"]
[Result "1-0"]
[WhiteElo "2616"]
[BlackElo "2503"]
[PlyCount "127"]
[EventDate "2000.02.19"]
[EventType "swiss"]
[EventRounds "9"]
[EventCountry "FRA"]
[SourceTitle "CBM 074 ext"]
[Source "ChessBase"]
[SourceDate "2000.03.10"]
[SourceVersion "2"]
[SourceVersionDate "2000.03.10"]
[SourceQuality "1"]

1. g3 g6 2. Bg2 Bg7 3. e4 c5 4. f4 Nc6 5. d3 d6 6. Nf3 e6 7. O-O Nge7 8. c3 O-O
9. Be3 Rb8 10. Nbd2 b6 11. Bf2 Qd7 12. Re1 h6 13. Nh4 Bb7 14. a3 Rfe8 15. Nf1
Nd8 16. d4 cxd4 17. cxd4 Kh7 18. Nf3 f5 19. N1d2 Ng8 20. e5 Nf7 21. Qe2 Bd5 22.
Nb1 Ne7 23. Nc3 Ba8 24. Nh4 Bxg2 25. Nxg2 Qb7 26. Rac1 dxe5 27. dxe5 Rbc8 28.
Red1 Red8 29. Rxd8 Nxd8 30. Rd1 Nf7 31. Ne1 g5 32. Qf3 Rb8 33. Qxb7 Rxb7 34.
Nf3 Ng6 35. Be3 Bf8 36. Kf2 Bc5 37. b4 Bxe3+ 38. Kxe3 Nf8 39. Nd4 gxf4+ 40.
gxf4 Nh8 41. Rc1 Nhg6 42. Ncb5 Ne7 43. Rc7 Rxc7 44. Nxc7 Kg6 45. Ndxe6 Nxe6 46.
Nxe6 Kh5 47. Kf3 Kh4 48. b5 Kh3 49. Nd4 Kxh2 50. e6 h5 51. Nc6 Nd5 52. e7 Nf6
53. Nd4 h4 54. Nxf5 h3 55. Kf2 Ne4+ 56. Kf1 Nf6 57. a4 Ne8 58. Kf2 Nf6 59. Nd6
Ng4+ 60. Kf3 Nf6 61. Ne4 Kg1 62. Nxf6 h2 63. e8=Q h1=Q+ 64. Kg4 1-0

[Event "Cappelle op 16th"]
[Site "Cappelle la Grande"]
[Date "2000.02.22"]
[Round "5"]
[White "Kharlov, Andrei"]
[Black "Koerholz, Ludger"]
[Result "1-0"]
[WhiteElo "2616"]
[BlackElo "2395"]
[PlyCount "59"]
[EventDate "2000.02.19"]
[EventType "swiss"]
[EventRounds "9"]
[EventCountry "FRA"]
[SourceTitle "CBM 074 ext"]
[Source "ChessBase"]
[SourceDate "2000.03.10"]
[SourceVersion "2"]
[SourceVersionDate "2000.03.10"]
[SourceQuality "1"]

1. e4 c5 2. Nf3 g6 3. d4 cxd4 4. Qxd4 Nf6 5. e5 Nc6 6. Qa4 Nd5 7. Qe4 Ndb4 8.
Bb5 Bg7 9. O-O O-O 10. a3 Na6 11. Nc3 Nc5 12. Qc4 Ne6 13. Re1 b6 14. Qh4 Bb7
15. Bh6 Na5 16. Rad1 Bc6 17. Bxc6 Nxc6 18. Nd5 Re8 19. Nf4 Qc7 20. Nd5 Qb7 21.
Rd3 Rad8 22. Ng5 Nxg5 23. Qxg5 f6 24. Qh4 Nxe5 25. Rxe5 fxe5 26. Nxe7+ Kh8 27.
Rh3 d5 28. Bxg7+ Kxg7 29. Qxh7+ Kf6 30. Qxg6+ 1-0

[Event "Cappelle op 16th"]
[Site "Cappelle la Grande"]
[Date "2000.02.24"]
[Round "7"]
[White "Kharlov, Andrei"]
[Black "Zagrebelny, Sergey"]
[Result "1-0"]
[WhiteElo "2616"]
[BlackElo "2534"]
[PlyCount "117"]
[EventDate "2000.02.19"]
[EventType "swiss"]
[EventRounds "9"]
[EventCountry "FRA"]
[SourceTitle "CBM 074 ext"]
[Source "ChessBase"]
[SourceDate "2000.03.10"]
[SourceVersion "2"]
[SourceVersionDate "2000.03.10"]
[SourceQuality "1"]

1. c4 Nf6 2. Nc3 e5 3. Nf3 Nc6 4. a3 d5 5. cxd5 Nxd5 6. Qc2 Nxc3 7. bxc3 Be7 8.
g3 O-O 9. Bg2 Bg4 10. Rb1 Rb8 11. d3 Qd7 12. O-O Bh3 13. a4 Bxg2 14. Kxg2 b6
15. Rb5 a6 16. Rb1 Rbd8 17. Qa2 Rfe8 18. Qc4 Na5 19. Qxa6 Qxa4 20. Qb5 Qxb5 21.
Rxb5 Bc5 22. Nd2 f5 23. h3 Nb7 24. Rb2 Na5 25. Ra2 Re6 26. g4 g6 27. Rg1 e4 28.
gxf5 gxf5 29. dxe4 Rg6+ 30. Kh1 Rxg1+ 31. Kxg1 fxe4 32. e3 Nc4 33. Nxc4 Rd1+
34. Kg2 Rxc1 35. Ra8+ Bf8 36. Rc8 Rxc3 37. Nxb6 Kf7 38. Nd5 Rc5 39. Rxc7+ Rxc7
40. Nxc7 Kf6 41. Nb5 Bb4 42. Kg3 Kg5 43. h4+ Kh5 44. Nd4 Bd6+ 45. Kh3 Kg6 46.
Kg4 Bb4 47. Ne2 Be1 48. Nf4+ Kf6 49. Nh3 Ke5 50. Kg3 Kf5 51. Ng5 h6 52. Nf7 h5
53. Nd6+ Ke5 54. Ne8 Kf5 55. Ng7+ Kg6 56. Ne6 Bb4 57. Nf4+ Kh6 58. Kh3 Be1 59.
Kg2 1-0

[Event "Dubai op"]
[Site "Dubai"]
[Date "2000.04.28"]
[Round "1"]
[White "Othman, A Moussa"]
[Black "Kharlov, Andrei"]
[Result "0-1"]
[WhiteElo "2315"]
[BlackElo "2616"]
[PlyCount "91"]
[EventDate "2000.04.28"]
[EventType "swiss"]
[EventRounds "9"]
[EventCountry "UAE"]
[SourceTitle "EXT 2001"]
[Source "ChessBase"]
[SourceDate "2000.11.22"]
[SourceVersion "1"]
[SourceVersionDate "2000.11.22"]
[SourceQuality "1"]

1. d4 d5 2. c4 e6 3. Nf3 Nf6 4. g3 dxc4 5. Qa4+ c6 6. Qxc4 b5 7. Qb3 Nbd7 8.
Bg2 Bb7 9. O-O a6 10. a4 c5 11. axb5 Bd5 12. Qc2 axb5 13. Rxa8 Qxa8 14. Nc3 Bc6
15. dxc5 b4 16. Nd1 Bxc5 17. Be3 Be7 18. Bf4 O-O 19. Ne3 Be4 20. Qd2 Rd8 21.
Bc7 Rc8 22. Bd6 Bxd6 23. Qxd6 b3 24. Rd1 h6 25. h4 Qa4 26. Kh2 Qb5 27. Nd4 Qb7
28. Bxe4 Nxe4 29. Qe7 Nef6 30. Qa3 Ne5 31. Qxb3 Qxb3 32. Nxb3 Rb8 33. Nd2 Rxb2
34. Kg2 Nc6 35. Nec4 Rc2 36. Rb1 Na5 37. Nxa5 Rxd2 38. Kf3 Rc2 39. Rb7 e5 40.
Rb3 h5 41. Ke3 Ng4+ 42. Kd3 Ra2 43. Nc6 Nxf2+ 44. Ke3 Ng4+ 45. Kf3 g6 46. Ne7+
0-1

[Event "Dubai op"]
[Site "Dubai"]
[Date "2000.04.29"]
[Round "2"]
[White "Kharlov, Andrei"]
[Black "Sharif, Mershad"]
[Result "1-0"]
[WhiteElo "2616"]
[BlackElo "2491"]
[PlyCount "67"]
[EventDate "2000.04.28"]
[EventType "swiss"]
[EventRounds "9"]
[EventCountry "UAE"]
[SourceTitle "EXT 2001"]
[Source "ChessBase"]
[SourceDate "2000.11.22"]
[SourceVersion "1"]
[SourceVersionDate "2000.11.22"]
[SourceQuality "1"]

1. d4 d5 2. c4 c6 3. Nf3 Nf6 4. Nc3 dxc4 5. a4 Bf5 6. Ne5 e6 7. f3 Bb4 8. e4
Bxe4 9. fxe4 Nxe4 10. Bd2 Qxd4 11. Nxe4 Qxe4+ 12. Qe2 Bxd2+ 13. Kxd2 Qd5+ 14.
Kc2 Na6 15. Nxc4 O-O 16. Qf3 Qc5 17. Kb1 Qb4 18. Be2 Nc5 19. Qa3 a5 20. Kc2
Rfd8 21. Qxb4 axb4 22. Nb6 Rab8 23. a5 e5 24. Bc4 Kf8 25. Rhe1 f6 26. Na4 Rd4
27. b3 Nxa4 28. Rxa4 c5 29. a6 bxa6 30. Rxa6 Rb7 31. Ra8+ Ke7 32. Rg8 Kd6 33.
Ra1 Rd7 34. Bb5 1-0

[Event "Dubai op"]
[Site "Dubai"]
[Date "2000.04.30"]
[Round "3"]
[White "Arkhipov, Sergey"]
[Black "Kharlov, Andrei"]
[Result "1/2-1/2"]
[WhiteElo "2527"]
[BlackElo "2616"]
[PlyCount "58"]
[EventDate "2000.04.28"]
[EventType "swiss"]
[EventRounds "9"]
[EventCountry "UAE"]
[SourceTitle "EXT 2001"]
[Source "ChessBase"]
[SourceDate "2000.11.22"]
[SourceVersion "1"]
[SourceVersionDate "2000.11.22"]
[SourceQuality "1"]

1. e4 c5 2. Nf3 Nc6 3. Bb5 d6 4. O-O Bd7 5. Re1 a6 6. Bf1 Bg4 7. h3 Bh5 8. d3
e6 9. Nbd2 Be7 10. c3 Nf6 11. Qc2 d5 12. b3 dxe4 13. dxe4 O-O 14. Bb2 Qc7 15.
Rad1 Rfd8 16. Be2 Rd7 17. Nf1 Bg6 18. Rxd7 Qxd7 19. N1d2 Rd8 20. Rd1 Qc7 21.
Nh4 Ng4 22. hxg4 Bxh4 23. Nf3 Rxd1+ 24. Bxd1 Be7 25. Bc1 Ne5 26. Nxe5 Qxe5 27.
Bf3 h6 28. a3 Bg5 29. Bxg5 hxg5 1/2-1/2

[Event "Dubai op"]
[Site "Dubai"]
[Date "2000.05.01"]
[Round "4"]
[White "Kharlov, Andrei"]
[Black "Magerramov, Elmar"]
[Result "1-0"]
[WhiteElo "2616"]
[BlackElo "2562"]
[PlyCount "91"]
[EventDate "2000.04.28"]
[EventType "swiss"]
[EventRounds "9"]
[EventCountry "UAE"]
[SourceTitle "EXT 2001"]
[Source "ChessBase"]
[SourceDate "2000.11.22"]
[SourceVersion "1"]
[SourceVersionDate "2000.11.22"]
[SourceQuality "1"]

1. e4 e5 2. Nf3 Nc6 3. Bb5 a6 4. Ba4 Nf6 5. O-O Be7 6. Re1 b5 7. Bb3 d6 8. c3
O-O 9. a3 h6 10. d4 Re8 11. Nbd2 Bf8 12. Ba2 Bb7 13. b4 a5 14. d5 Ne7 15. Nb3
axb4 16. cxb4 Rb8 17. Na5 Ba8 18. Qb3 Qd7 19. Bb2 Rec8 20. Rad1 Qe8 21. Qd3 Nd7
22. Nh4 g6 23. Bc1 Bg7 24. Qf3 Bf6 25. Qh3 Bg7 26. Nf3 g5 27. Qg3 Nf6 28. h4 g4
29. Nh2 Qd7 30. f3 gxf3 31. Bxh6 Ng6 32. Bg5 Kh8 33. Qxf3 Nh7 34. g3 Rg8 35.
Qf5 Qe8 36. Ng4 f6 37. Nxf6 Nxf6 38. Bxf6 Nf4 39. Kh2 Nh5 40. Bxg7+ Rxg7 41.
Re3 Rh7 42. Rf1 Qe7 43. Nc6 Bxc6 44. dxc6 Nf4 45. gxf4 Rf8 46. Qe6 1-0

[Event "Dubai op"]
[Site "Dubai"]
[Date "2000.05.02"]
[Round "5"]
[White "Kuzmin, Alexey"]
[Black "Kharlov, Andrei"]
[Result "0-1"]
[WhiteElo "2587"]
[BlackElo "2616"]
[PlyCount "92"]
[EventDate "2000.04.28"]
[EventType "swiss"]
[EventRounds "9"]
[EventCountry "UAE"]
[SourceTitle "EXT 2001"]
[Source "ChessBase"]
[SourceDate "2000.11.22"]
[SourceVersion "1"]
[SourceVersionDate "2000.11.22"]
[SourceQuality "1"]

1. d4 d5 2. Nf3 e6 3. c4 dxc4 4. Qa4+ c6 5. Qxc4 b5 6. Qc2 Bb7 7. e4 Nd7 8. Bg5
Ngf6 9. Nbd2 Qb6 10. a4 Bb4 11. Bd3 h6 12. Bxf6 Nxf6 13. O-O Nd7 14. Nb3 bxa4
15. Rxa4 O-O 16. Rc1 c5 17. dxc5 Bxc5 18. Na5 Rfc8 19. Nc4 Qd8 20. Qe2 Nb6 21.
Raa1 Nxc4 22. Bxc4 Qb6 23. b3 Rd8 24. Rd1 Rxd1+ 25. Rxd1 Rd8 26. Rxd8+ Qxd8 27.
h3 Qa5 28. Qc2 Qa1+ 29. Bf1 Bb6 30. Nh2 Qe1 31. Nf3 Qxe4 32. Qxe4 Bxe4 33. Bc4
Kf8 34. Kf1 Ke7 35. Ne1 Kd6 36. Ke2 Kc5 37. f3 Bg6 38. Nd3+ Kd4 39. Nf4 Bb1 40.
Kd2 Ba5+ 41. Kc1 Bf5 42. Nh5 g6 43. Nf6 Bd3 44. Bxd3 Kxd3 45. Ng4 Bc3 46. Kd1
Bg7 0-1

[Event "Dubai op"]
[Site "Dubai"]
[Date "2000.05.04"]
[Round "6"]
[White "Kharlov, Andrei"]
[Black "Graf, Alexander"]
[Result "0-1"]
[WhiteElo "2616"]
[BlackElo "2600"]
[PlyCount "56"]
[EventDate "2000.04.28"]
[EventType "swiss"]
[EventRounds "9"]
[EventCountry "UAE"]
[SourceTitle "EXT 2001"]
[Source "ChessBase"]
[SourceDate "2000.11.22"]
[SourceVersion "1"]
[SourceVersionDate "2000.11.22"]
[SourceQuality "1"]

1. e4 c5 2. Nf3 d6 3. d4 cxd4 4. Nxd4 Nf6 5. Nc3 e6 6. Be2 Be7 7. O-O Nc6 8.
Be3 Bd7 9. Nb3 a6 10. a4 Na5 11. Nxa5 Qxa5 12. Qd3 Bc6 13. f4 d5 14. e5 Ne4 15.
Bd4 Bc5 16. Kh1 Qb4 17. Bxc5 Nxc5 18. Qg3 d4 19. Nd1 O-O 20. a5 Qd2 21. Bd3
Nxd3 22. cxd3 f6 23. Qf2 Qxd3 24. Ra3 Qf5 25. exf6 Qxf6 26. Qg1 Bb5 27. Re1
Qxf4 28. Rf3 Qd6 0-1

[Event "Dubai op"]
[Site "Dubai"]
[Date "2000.05.06"]
[Round "8"]
[White "Kharlov, Andrei"]
[Black "Filippov, Valerij"]
[Result "0-1"]
[WhiteElo "2616"]
[BlackElo "2584"]
[PlyCount "56"]
[EventDate "2000.04.28"]
[EventType "swiss"]
[EventRounds "9"]
[EventCountry "UAE"]
[SourceTitle "EXT 2001"]
[Source "ChessBase"]
[SourceDate "2000.11.22"]
[SourceVersion "1"]
[SourceVersionDate "2000.11.22"]
[SourceQuality "1"]

1. d4 d5 2. c4 e6 3. Nc3 c6 4. Nf3 Nf6 5. cxd5 exd5 6. Bg5 Be7 7. Qc2 g6 8.
Bxf6 Bxf6 9. e4 dxe4 10. Qxe4+ Kf8 11. Bc4 Bf5 12. Qf4 Qe7+ 13. Kf1 Qb4 14. Bb3
h5 15. Ne4 Nd7 16. Nxf6 Nxf6 17. Qc7 Nd5 18. Bxd5 Qb5+ 19. Kg1 Qxd5 20. h3 Kg7
21. Kh2 Be4 22. Qe5+ Qxe5+ 23. Nxe5 Rad8 24. Rad1 Rd5 25. Rhe1 Bf5 26. Nf3 Kf6
27. Re3 Rhd8 28. Rb3 Bc2 0-1

[Event "RUS-ch 53rd"]
[Site "Samara"]
[Date "2000.06.17"]
[Round "1"]
[White "Iljushin, Alexei"]
[Black "Kharlov, Andrei"]
[Result "1-0"]
[WhiteElo "2515"]
[BlackElo "2615"]
[Annotator "Tsesarsky"]
[PlyCount "113"]
[EventDate "2000.06.03"]
[EventType "swiss"]
[EventRounds "11"]
[EventCountry "RUS"]
[SourceTitle "CBM 078"]
[Source "ChessBase"]
[SourceDate "2000.10.18"]
[SourceVersion "1"]
[SourceVersionDate "2000.10.18"]
[SourceQuality "1"]

1. d4 d5 2. c4 e6 3. Nf3 c6 4. Qc2 Nf6 5. Nbd2 Nbd7 6. g3 b6 7. Bg2 Bb7 8. O-O
Be7 (8... Bd6 9. e4 $5 (9. Rd1 O-O 10. e4 dxe4 11. Nxe4 Nxe4 12. Qxe4 Qc7 13.
Qd3 (13. Qe2 Rad8 14. Bg5 Rde8 15. Qd3 h6 16. Be3 Rd8 17. Rac1 Rfe8 18. b3 e5
$11 {1/2-1/2 Chloupek,Stanislav-Kopta,Pavel/CZE Tschechien-ch ;EXT 97 1995 (28)
}) 13... Rad8 14. b3 Rfe8 15. Bb2 $14 {Asanov,Bolat-Tabatadze,Tamaz/URS-ch
otbor56 ;TD 1988/1/2-1/2 (54)}) 9... dxe4 10. Nxe4 Nxe4 11. Qxe4 Nf6 12. Qe2
O-O 13. Rd1 Rc8 14. Ne5 Qe7 15. Bg5 $14 {0-1 Schade,Gunnar-Denda,Ronald/RL-chA
Polch ;EXT 2000 1993 (39)}) (8... Rc8 9. e4 dxe4 10. Nxe4 Nxe4 11. Qxe4 Bd6 12.
b3 O-O 13. Bb2 Nf6 14. Qc2 h6 15. Rad1 Qc7 16. Rfe1 Rfe8 17. c5 $1 $14 {
1-0 Ryskin,Alexander-Pedersen,Steffen/Minsk (4) ;CBM 42 1994 (26)}) (8... c5 9.
dxc5 (9. cxd5 Nxd5 10. Nb3 ({Interesting and strong is} 10. dxc5 $1 Bxc5 (10...
bxc5 $6 11. Nc4 Be7 12. Rd1 O-O 13. a3 $14 {1-0 Krasenkow,Michal-Sherbakov,
Ruslan/EUCup Cheliabinsk-Petros. (1) ;CBM 26 1991 (30)}) 11. e4 $1 (11. a3 Rc8
12. Qa4 Bc6 13. Qg4 O-O 14. b4 f5 $1 $15 {[%cal Gd8f6]}) (11. Ne4 Be7 12. Rd1
O-O $11) 11... Nb4 12. Qb3 Ba6 13. Nc4 Qc7 (13... Rc8 14. Be3 Bxc4 15. Qxc4
Bxe3 16. Qxb4 Bc5 17. Qa4 Rc7 18. Rad1 $16) 14. Nfd2 (14. Bf4 Bxf2+ 15. Rxf2
Qxc4 16. Qxc4 Bxc4 $17) 14... Ne5 15. a3 Nbc6 16. Qa4 $14) (10. e4 Nb4 11. Qb3
cxd4 12. Nxd4 Bc5 13. Nc4 O-O 14. Rd1 Qe7 $11 {1/2-1/2 Magerramov,
Elmar-Sorokin,Maxim/Cheliabinsk-A ;EXT 97 1991 (42)}) (10. a3 cxd4 (10... Rc8
11. Qa4 (11. e4 cxd4 12. Qa4 N5f6 13. Qxa7 Nc5 14. e5 Nd5 15. b4 Ra8 $19 {
[%csl Ra7] Andersson,Ulf-Atalik,Suat/Keres Rapid Tallinn rapid (3) ;CBM 62 ext
1998/0-1 (47)}) 11... Bc6 12. Qb3 N5f6 $11) 11. Nxd4 Rc8 12. Qa4 a6 13. Ne4 b5
14. Qd1 Be7 $11 {1/2-1/2 Chabanon,Jean Luc-Relange,Eloi/FRA-ch Nantes (12) ;
EXT 97 1993 (24)}) 10... Be7 (10... Rc8 $5) 11. Bd2 Rc8 12. dxc5 Nxc5 13. Nxc5
Bxc5 14. Qa4+ Qd7 15. Qxd7+ Kxd7 16. Ne5+ Ke7 17. Nd3 Ba6 $1 $11 {Ftacnik,L 1/
2-1/2 Epishin,Vladimir-Sorokin,Maxim/URS-ch U26 Minsk ;CBM 17 1990 (21)}) (9.
Rd1 Rc8 10. b3 dxc4 11. Qxc4 Be7 12. Ba3 {1/2-1/2 Davies,Nigel R-Sakaev,
Konstantin/Peer Gynt Gausdal (7) ;TD 1992}) 9... Bxc5 10. cxd5 (10. Nb3 Be7 11.
cxd5 Bxd5 12. Bf4 Rc8 13. Qd1 O-O $11 {1-0 Spiridonov,Nikola-Payen,Arnaud/
FRA-chT France ;CBM 55 ext 1996 (27)}) 10... Nxd5 11. Ne4 Be7 12. Bg5 Qc7 13.
Qxc7 Nxc7 14. Bxe7 Kxe7 15. Nd4 Nd5 $11 {1-0 Makarov,Gennadi-Ruzele,Darius/
Minsk tt ;EXT 2000 1986 (33)}) 9. Rd1 ({Strong is} 9. e4 dxe4 10. Nxe4 O-O $14
(10... c5 $6 11. Nxf6+ Nxf6 12. dxc5 Bxc5 13. b4 $1 Bd6 14. Rd1 Qe7 15. Qa4+
Kf8 16. Ba3 $16 {Filippov,Valerij-Sakaev,Konstantin/RUS-ch Elista (9) ;CBM 50
1995/1/2-1/2 (66)})) 9... O-O (9... Rc8 10. e4 dxe4 11. Nxe4 Nxe4 12. Qxe4 Bf6
13. Bf4 Qe7 14. c5 bxc5 (14... e5 $4 15. dxe5 (15. Re1 $18) 15... O-O 16. Qf5 {
1-0 Vassallo,Mauricio-Sanchez Moreno,Luis/Mislata op 4th (5) ;EXT 2000 1995})
15. dxc5 Qxc5 16. Nd4 $44 (16. Bd6 Qb6 17. Nd4 Nc5 18. Qg4 Rd8 19. Nxc6 Bxc6
20. Bxc5 Qxc5 21. Rac1 $14)) 10. e4 {White's position seems slight better} Rc8
11. e5 (11. b3 c5 $1 $132) 11... Ne8 {[%csl Gd6,Gf6,Re8]} 12. b3 c5 {[%cal
Gc8c2] Black open the centre and change 2 pairs of PP "c" and "d", but White
keeps space advantage, but not advantage.} 13. dxc5 Nxc5 (13... Bxc5 14. Bb2
$11) 14. Bb2 Nc7 {[%cal Gc7d5]} 15. Rac1 dxc4 16. Nxc4 Nd5 17. Qe2 {Both sides
placed pieces to ideal positions} b5 (17... a6 {[%cal Gb6b5]} 18. Ne3 $11) 18.
Ne3 (18. Ncd2 Ba6 $132) 18... Qa5 19. Nxd5 (19. Bd4 $5 Rfd8 (19... Ne4 20. Nxd5
Bxd5 21. Ne1 $14 {[%cal Gg2e4]}) 20. Nxd5 Bxd5 21. Qe3 b4 22. Rc2 $11) 19...
Bxd5 20. Nd4 Bxg2 21. Kxg2 a6 (21... Qxa2 $4 22. Ra1 $18) (21... b4 $1 22. Rc2
(22. Qf3 Qxa2) 22... Rfd8 23. Qf3 {[%cal Gd4c6]} Qa6 24. Rc4 Qb6 $11 (24...
Qxa2 25. Nc6 $16)) 22. Rc2 Qb6 23. Qf3 f6 $5 {[%csl Re6] Interesting decision.
Black weakens P e6 but his pieces activity is enough compensation.} (23... b4
$11 {[%csl Rb2] Good was also}) 24. exf6 Bxf6 25. Qe2 (25. Qg4 $5 Qb7+ 26. Kg1
(26. f3 Qd5 $1 $132 (26... e5 $6 27. Ne6 Nxe6 28. Qxe6+ Kh8 29. Rxc8 Qxc8 (
29... Rxc8 30. Bxe5 $16) 30. Qxc8 Rxc8 31. Rd2 $14 {[%csl Re5]})) 26... Qe4 27.
Qxe4 Nxe4 28. Re2 Nc5 $132) 25... Rcd8 26. Kg1 Rd5 27. Rcd2 (27. Rxc5 $5 Rxc5 (
27... Qxc5 $6 28. Nxe6 Rxd1+ 29. Qxd1 Qf5 30. Nxf8 Bxb2 31. Nd7 $14) 28. Qxe6+
Qxe6 29. Nxe6 Rc2 30. Nxf8 Rxb2 31. Nd7 $11 {[%csl Ra2]}) 27... Bg5 (27... Rfd8
28. Ba1 (28. Qe3 Nb7 29. Qe4 Nc5 30. Qe3 $11)) 28. f4 e5 $2 {Based on wrong
variations calculation} ({Quite good is} 28... Bf6 29. b4 Na4 30. Qxe6+ Qxe6
31. Nxe6 Rxd2 32. Rxd2 Nxb2 33. Nxf8 Nc4 $5 {Intermediate move, temporary
prevent R entering to d6.} (33... Kxf8 34. Rd6 {[%csl Ra6][%cal Gd6a6]} Be7 35.
Rxa6 Bxb4 36. Kg2 $132) 34. Rd7 Kxf8 35. Kg2 {[%cal Gd7a7]} Be7 36. Ra7 Bxb4
37. Rxa6 $132) 29. fxg5 exd4 30. Bxd4 Rxd4 31. Rxd4 Ne6 32. Qe3 {Maybe this
move was missed by Black?} Nxd4 ({Impossible} 32... Rd8 $4 33. Rxd8+ {R now is
free!}) 33. Qxd4 Qxd4+ 34. Rxd4 {[%mdl 4096] This endgame seems drawn because
White P is doubled, but despite of this, White has plans of pressure
increasing.} Rc8 35. Rd2 (35. Rf4 $1 {[%csl Rg8]} Rc2 36. Rf2 Rc5 37. h4 $16 {
[%csl Rg8]}) 35... Kf7 36. Re2 a5 (36... Kg6 37. h4 Kf5 38. Kg2 (38. Kf2 Kg4
39. Re4+ Kh3 40. h5 Rf8+ 41. Rf4 Rxf4+ 42. gxf4 Kg4 43. Ke3 Kxh5 $11) 38... Rc7
39. Kf3 Rc3+ 40. Re3 $16 Rxe3+ 41. Kxe3 Kg4 42. Kf2 $16) 37. Kg2 Rc3 38. h4 a4
$6 {If Black will change all of PP in the Queenside - the endgame will be
drawn.} (38... Kg6 39. Kh3 Rc5 40. Kg4 h5+ (40... Kf7 41. h5 Rd5 42. Kf4 $16)
41. gxh6 Kxh6 42. Kf4 $16) 39. bxa4 {But after   is created one more weakness
- Pa4!} bxa4 40. Kh3 g6 41. Kg4 Kf8 42. Kf4 Kf7 43. Re3 Rc2 (43... Rc4+ 44. Re4
$18) 44. Ra3 $1 {[%csl Ra4][%cal Ga3g3] ideal place for the R. Here the R
attack Pa4 and defend Pg3} Rc4+ 45. Ke5 {The K take a walk to the Queenside to
join to Pa4 Attack} Rg4 46. Rf3+ Kg7 47. Rf4 Rxg3 48. Rxa4 {White transform
his advantage - changed doubled P} Re3+ 49. Kd6 Rd3+ 50. Kc6 Kf7 (50... Rd2 51.
Ra7+ (51. a3 Rd3) 51... Kg8 52. a4 Rh2 53. a5 Rxh4 54. a6 Ra4 55. Kb5 $18) 51.
Rf4+ Ke6 52. a4 Ke5 53. Rc4 Rd8 54. a5 Rc8+ 55. Kb5 Rb8+ 56. Ka4 Kd6 (56... Ra8
57. Rc7 $18) 57. a6 1-0